Теория алгебр Клиффорда и спиноров

Detalhes bibliográficos
Autor principal: Марчук Н. Г. Николай Гурьевич
Outros Autores: Широков Д. С. Дмитрий Сергеевич
Resumo:В книге излагается ряд актуальных разделов теории алгебр Клиффорда. Алгебры Клиффорда применяются во многих разделах современной математики, физики, механики, инженерии, обработке сигналов и др. В книге подробно излагается теория представлений алгебр Клиффорда. Детально разбираются вопросы связи спинорных и ортогональных групп, теорема Паули. Развивается метод кватернионной типизации элементов алгебр Клиффорда. Рассматриваются связи с унитарными, псевдоунитарными и симплектическими группами Ли, а также теория спиноров, которая важна для математической и теоретической физики. Для специалистов в области математической и теоретической физики, аспирантов и студентов математического и физического направления.
Idioma:russo
Publicado em: Москва, Красанд, 2020
Assuntos:
Formato: Livro
KOHA link:https://koha.lib.tpu.ru/cgi-bin/koha/opac-detail.pl?biblionumber=345949

MARC

LEADER 00000nam0a2200000 4500
001 345949
005 20231102005831.0
010 |a 9785396010147 
035 |a (RuTPU)RU\TPU\book\377805 
090 |a 345949 
100 |a 20210421d2020 k y0rusy50 ca 
101 0 |a rus 
102 |a RU 
105 |a a z 001zy 
200 1 |a Теория алгебр Клиффорда и спиноров  |f Н. Г. Марчук, Д. С. Широков 
210 |a Москва  |c Красанд  |d 2020 
215 |a 552 с.  |c ил. 
320 |a Библиогр.: с. 543-548 
330 |a В книге излагается ряд актуальных разделов теории алгебр Клиффорда. Алгебры Клиффорда применяются во многих разделах современной математики, физики, механики, инженерии, обработке сигналов и др. В книге подробно излагается теория представлений алгебр Клиффорда. Детально разбираются вопросы связи спинорных и ортогональных групп, теорема Паули. Развивается метод кватернионной типизации элементов алгебр Клиффорда. Рассматриваются связи с унитарными, псевдоунитарными и симплектическими группами Ли, а также теория спиноров, которая важна для математической и теоретической физики. Для специалистов в области математической и теоретической физики, аспирантов и студентов математического и физического направления. 
606 1 |a Алгебры Клиффорда  |2 stltpush  |3 (RuTPU)RU\TPU\subj\80496  |9 88157 
606 1 |a Спиноры  |x (геометрия)  |2 stltpush  |3 (RuTPU)RU\TPU\subj\55856  |9 73813 
610 1 |a алгебра матриц Дирака 
610 1 |a матричные представления 
610 1 |a метод кватернионной типизации 
610 1 |a метод усреднения 
610 1 |a группы Ли 
610 1 |a алгебры Ли 
675 |a 512.64  |v 4 
675 |a 514.744  |v 4 
700 1 |a Марчук  |b Н. Г.  |g Николай Гурьевич 
701 1 |a Широков  |b Д. С.  |g Дмитрий Сергеевич 
801 1 |a RU  |b 63413507  |c 20210421 
801 2 |a RU  |b 63413507  |c 20220204  |g RCR 
942 |c BK